<?xml version="1.0" encoding="UTF-8"?><?xml-stylesheet type="text/xsl" href="static/style.xsl"?><OAI-PMH xmlns="http://www.openarchives.org/OAI/2.0/" xmlns:xsi="http://www.w3.org/2001/XMLSchema-instance" xsi:schemaLocation="http://www.openarchives.org/OAI/2.0/ http://www.openarchives.org/OAI/2.0/OAI-PMH.xsd"><responseDate>2026-05-17T21:00:58Z</responseDate><request verb="GetRecord" identifier="oai:recam.amb.cat:20.500.14439/4825" metadataPrefix="marc">https://recam.amb.cat/rest/oai/request</request><GetRecord><record><header><identifier>oai:recam.amb.cat:20.500.14439/4825</identifier><datestamp>2026-05-13T10:25:47Z</datestamp><setSpec>com_20.500.14439_2676</setSpec><setSpec>com_20.500.14439_126</setSpec><setSpec>col_20.500.14439_4823</setSpec></header><metadata><record xmlns="http://www.loc.gov/MARC21/slim" xmlns:dcterms="http://purl.org/dc/terms/" xmlns:xsi="http://www.w3.org/2001/XMLSchema-instance" xmlns:doc="http://www.lyncode.com/xoai" xsi:schemaLocation="http://www.loc.gov/MARC21/slim http://www.loc.gov/standards/marcxml/schema/MARC21slim.xsd">
   <leader>00925njm 22002777a 4500</leader>
   <datafield ind2=" " ind1=" " tag="042">
      <subfield code="a">dc</subfield>
   </datafield>
   <datafield ind2=" " ind1=" " tag="720">
      <subfield code="a">Petit Saludes, Albert</subfield>
      <subfield code="e">author</subfield>
   </datafield>
   <datafield ind2=" " ind1=" " tag="260">
      <subfield code="c">2021-12-01</subfield>
   </datafield>
   <datafield ind2=" " ind1=" " tag="520">
      <subfield code="a">Aquesta temporada és la 33ª de seguiment sistemàtic de la migració postnupcial de tardor al Parc Natural de la Serra de Collserola, inicialment centrat en els ocells rapinyaires i d’altres ocells planadors, com poden ser les cigonyes, però també en el pas dels passeriformes i altres migradors de vol actiu. Aquest fenomen migratori consisteix en el desplaçament que efectuen aquests ocells per tal de retornar cap als seus llocs d’hivernada al sud d’Europa i al continent africà després del període de cria a la primavera i estiu al continent europeu. El seguiment que es du a terme al Parc es realitza ininterrompudament cada any durant tots els dies dels mesos de setembre i d’octubre des del Turó de la Magarola, un cim de 430 m d’alçada amb àmplies vistes dels vessants de Barcelona i del Vallès. Actualment hi ha un mirador permanent adequat per aquest seguiment on, durant el període de la campanya, s’hi instal·len uns plafons informatius sobre l’activitat i el fenomen de la migració.</subfield>
   </datafield>
   <datafield ind1="8" ind2=" " tag="024">
      <subfield code="a">Petit, A. (2021). Seguiment de la migració postnupcial de rapinyaires al turó de la Magarola. Memòria de la campanya 2021. Estudi finançat pel Consorci del Parc Natural de la Serra de Collserola.</subfield>
   </datafield>
   <datafield ind1="8" ind2=" " tag="024">
      <subfield code="a">https://hdl.handle.net/20.500.14439/4825</subfield>
   </datafield>
   <datafield tag="653" ind2=" " ind1=" ">
      <subfield code="a">Ocells</subfield>
   </datafield>
   <datafield tag="653" ind2=" " ind1=" ">
      <subfield code="a">Rapinyaires</subfield>
   </datafield>
   <datafield ind2="0" ind1="0" tag="245">
      <subfield code="a">Seguiment de la migració postnupcial de rapinyaires al  turó de la Magarola: memòria de la campanya 2021</subfield>
   </datafield>
</record></metadata></record></GetRecord></OAI-PMH>